<?xml version="1.0" encoding="UTF-8"?>
<record
    xmlns:xsi="http://www.w3.org/2001/XMLSchema-instance"
    xsi:schemaLocation="http://www.loc.gov/MARC21/slim http://www.loc.gov/standards/marcxml/schema/MARC21slim.xsd"
    xmlns="http://www.loc.gov/MARC21/slim">

  <leader>00737nam a22002417a 4500</leader>
  <controlfield tag="003">OSt</controlfield>
  <controlfield tag="005">20140310182436.0</controlfield>
  <controlfield tag="008">130220t        xxu||||| |||| 00| 0 eng d</controlfield>
  <datafield tag="020" ind1=" " ind2=" ">
    <subfield code="a">1418080470</subfield>
  </datafield>
  <datafield tag="020" ind1=" " ind2=" ">
    <subfield code="a">9781418080471</subfield>
  </datafield>
  <datafield tag="050" ind1=" " ind2=" ">
    <subfield code="a">RS 57 </subfield>
    <subfield code="b">.P53 2008  </subfield>
  </datafield>
  <datafield tag="100" ind1=" " ind2=" ">
    <subfield code="a">Pickar, Gloria D.</subfield>
    <subfield code="9">8425</subfield>
  </datafield>
  <datafield tag="245" ind1=" " ind2=" ">
    <subfield code="a">Dosage calculations /</subfield>
    <subfield code="c">Gloria D. Pickar, Amy Pickar Abernethy</subfield>
  </datafield>
  <datafield tag="250" ind1=" " ind2=" ">
    <subfield code="a">8th ed.</subfield>
  </datafield>
  <datafield tag="260" ind1=" " ind2=" ">
    <subfield code="a">Clifton Park, NY :</subfield>
    <subfield code="b">Thomson Delmar Learning,</subfield>
    <subfield code="c">c2008.</subfield>
  </datafield>
  <datafield tag="300" ind1=" " ind2=" ">
    <subfield code="a">xvi, 574 p. : </subfield>
    <subfield code="c">28 cm.</subfield>
    <subfield code="b">col. ill. ;</subfield>
  </datafield>
  <datafield tag="541" ind1=" " ind2=" ">
    <subfield code="j">1</subfield>
  </datafield>
  <datafield tag="562" ind1=" " ind2=" ">
    <subfield code="e">1</subfield>
  </datafield>
  <datafield tag="650" ind1=" " ind2=" ">
    <subfield code="a">Pharmaceutical arithmetic</subfield>
    <subfield code="9">7809</subfield>
  </datafield>
  <datafield tag="650" ind1=" " ind2=" ">
    <subfield code="a">Pharmaceutical preparations</subfield>
    <subfield code="x">administration &amp; dosage</subfield>
    <subfield code="9">8426</subfield>
  </datafield>
  <datafield tag="650" ind1=" " ind2=" ">
    <subfield code="a">Mathematics</subfield>
    <subfield code="9">210</subfield>
  </datafield>
  <datafield tag="942" ind1=" " ind2=" ">
    <subfield code="2">lcc</subfield>
    <subfield code="c">SSLC</subfield>
  </datafield>
  <datafield tag="999" ind1=" " ind2=" ">
    <subfield code="c">13448</subfield>
    <subfield code="d">13448</subfield>
  </datafield>
  <datafield tag="952" ind1=" " ind2=" ">
    <subfield code="0">0</subfield>
    <subfield code="1">0</subfield>
    <subfield code="2">lcc</subfield>
    <subfield code="4">0</subfield>
    <subfield code="a">SSLC</subfield>
    <subfield code="b">SSLC</subfield>
    <subfield code="c">SSLC</subfield>
    <subfield code="d">2013-08-06</subfield>
    <subfield code="l">0</subfield>
    <subfield code="o">RS 57 .P53 2008  </subfield>
    <subfield code="p">SSLC0387</subfield>
    <subfield code="r">2017-04-20 00:00:00</subfield>
    <subfield code="t">1</subfield>
    <subfield code="w">2013-11-06</subfield>
    <subfield code="y">BK</subfield>
  </datafield>
</record>
